Directorio de organizaciones, instituciones e iniciativas en el sector de recursos naturales en Costa Rica /

Na minha lista:
Detalhes bibliográficos
Autores Corporativos: Federación costarricense para la conservación del ambiente, Oficina de cooperación canadiense
Formato: Texto
Publicado em: s.l.: s.n.
Tags: Adicionar Tag
Sem tags, seja o primeiro a adicionar uma tag!

MARC

LEADER 00000 a a2200000 04500
001 33026
003
040
090 |a 205000  |b REFERENCIA  
110 |a Federación costarricense para la conservación del ambiente  
245 |a Directorio de organizaciones, instituciones e iniciativas en el sector de recursos naturales en Costa Rica /  |c Federación costarricense para la conservación del ambiente  
260 |a s.l.:   |b s.n.  
300 |a 11 p.  
500 |a Documento incompleto  
710 |a Oficina de cooperación canadiense  
999 |c 14380  |d 14380